Score 0/20 Timer 04:00
2 Plays Today
Song Missing Word % Correct
Sweet Child o' _____Mine
98.3%
Rocket _____Man
98.2%
She Works Hard for the _____Money
93.4%
Man in the _____Mirror
87.9%
Suspicious _____Minds
83.1%
Unchained _____Melody
82.5%
Monster _____Mash
82.3%
I Can See for _____Miles
80.2%
Listen to the _____Music
77.6%
I Touch _____Myself
71.5%
Song Missing Word % Correct
Lady _____Marmalade
60.5%
Love and _____Marriage
49.1%
Funky Cold _____Medina
44.8%
Bad _____Medicine
41.4%
All I Need Is a _____Miracle
40.4%
The Wind Cries _____Mary
39.3%
Blue _____Monday
39.3%
Return of the _____Mack
33.7%
Have You Never Been _____Mellow
29.2%
My Favorite _____Mistake
24.7%

Today's Daily Dose

Remove Ads.
Support Sporcle.
Get the best of Sporcle when you Go Orange. This ad-free experience offers more features, more stats, and more fun while also helping to support Sporcle. Thank you for becoming a member.

You're not logged in!

Compare scores with friends on all Sporcle quizzes.
OR
Log In

Show Comments

Extras

Top Quizzes Today


Score Distribution

Your Account Isn't Verified!

In order to create a playlist on Sporcle, you need to verify the email address you used during registration. Go to your Sporcle Settings to finish the process.

Report this User

Report this user for behavior that violates our Community Guidelines.

Details: